00863 a2200193 45000010006000000050017000060080041000230030015000640400040000790800042001192450040001610200018002012640033002193000019002525050271002710410008005421000024005508560095005744111220260407155705.0260407a2003 arg spa dAR-UNSa-BCEJYS aAR-UNSa-BCEJYSbspacAR-UNSa-BCEJYS a336.275xFormas de oferta pública 10aEl prospecto en la oferta pública a950-894-408-0 1aBuenos Aires :bAD-HOCc2003 a237 p.c23 cm. a1. Introducción - 2. El prospecto como medio de difusión de información relevante, a los fines de la celebración de un contrato - 3. Contenido del prospecto - 4. El prospecto como documento integrador del contrato - 5. Régimen en materia de responsabilidad aspa1 aGiovenco, Arturo C.41uhttps://biblioeco.unsa.edu.ar/pmb/images/libros/L126383.jpgyImagen de portadaqimage/jpeg